| 000 | 00998cab a22001935a 4500 | ||
|---|---|---|---|
| 001 | L147520 | ||
| 008 | 090519s2009 xxkd f 000 0 eng d | ||
| 035 | _a(Sirsi) u147520 | ||
| 041 | 0 | _aeng | |
| 110 | 2 |
_aGlobalProperty _95528 |
|
| 245 | 0 | 0 | _aCredit crunch slams the brake on China's great housing boom |
| 260 | _c2009 | ||
| 490 | 0 |
_aGlobal Property _v3 March 2009, 18-19(2) |
|
| 520 | _aAnalysesthe current state of the residential property market in China where 10 years of soaring house prices and booming investment have been reversed by six months of credit crunch. Surveys market opinion on whether the next few years will be vintage years for foreign investment in Chinese real estate or whether it would be prudent to stay out of this market for 2009 at least. Table covers house sales by floor space per month, January 2007 to December 2008. | ||
| 590 | _aKA | ||
| 651 | 4 | _aChina | |
| 690 | _aPROPERTY-RESIDENTIAL PROPERTY-RESIDENTIAL PROPERTY FINANCE AND INVESTMENT | ||
| 942 | _n0 | ||
| 999 |
_c81556 _d81556 |
||